000 00330nam a22001337a 4500
020 _a0312046928
082 _a320.95 6 VAT
100 _aVatikiotis,P J
_9987
245 _aArab and regional politics in the middle east
260 _aNew York
_bSt.Martins
_c1984
300 _a267p.;20cm
500 _aIncludes Index
942 _cBK
999 _c15886
_d15886